000 00583nam a2200157 a 4500
001 000031176
005 20240307073950.0
008 110614s2008 dr d 000 | spa d
040 _aDO-SdBNP
_bspa
_cBNPHU
110 1 _aRepública Dominicana.
_b Junta Central Electoral
_964605
245 1 0 _aMemorias del plan de retiro, pensiones y jubilaciones de la Junta Central Electoral :
_b2006-2007 /
_cedición de Nurys Paulino.
260 _aSanto Domingo :
_bJunta Central Electoral,
_c2008.
300 _a26 p. :
_bdiagr. ;
_c21 cm.
700 1 _aPaulino, Nurys,
_eed.
_922136
049 _aBNPD
999 _c30668
_d30668